00680nam a2200181 a 450000100100000000500170001000800410002702000150006804000250008308200080010810000370011624501320015326000360028530000210032170000310034295201080037399900170048100003996420201002033833.0130801s1987 mx 000 0 spa d a9701013948 aDO-SdBNPbspacBNPHU axxx1 aSánchez Curiel, Gabriel96617910aAuditoría de estados financieros :bun caso práctico /cGabriel Sánchez Curiel ; revisión técnica Melesio Meza Coria. aMéxico :bMcGraw Hill,c1987. a283 p. ;c24 cm.1 aMeza Coria, Melesio966180 001050718MOaGRbGRcCTd2013-08-01iLF1l0oxxx p39964-10r2020-06-25w2020-06-25y1ZNo se presta c39454d39454